000
00185 a2200097 4500
020
_a
9789992457986
041
_a
spa
100
_a
Luis Gutierrez
245
_a
Mi Matematica
942
_c
BK
999
_c
15320
_d
15320